Enciclopedia jurídica / (Record no. 131840)

MARC details
000 -LEADER
campo de control de longitud fija 00729nam a2200193 4500
001 - NÚMERO DE CONTROL
campo de control 131840
003 - IDENTIFICADOR DE NÚMERO DE CONTROL
campo de control ES-MaACL
007 - CAMPO FIJO DE DESCRIPCIÓN FÍSICA--INFORMACIÓN GENERAL
campo de control de longitud fija t|
008 - DATOS DE LONGITUD FIJA--INFORMACIÓN GENERAL
campo de control de longitud fija 070214s1962 sp r ||||1| spa d
100 1# - ENTRADA PRINCIPAL--NOMBRE DE PERSONA
Nombre de persona Rodríguez Mínguez, Cosme.
9 (RLIN) 98664
245 10 - MENCIÓN DEL TÍTULO
Título Enciclopedia jurídica /
Mención de responsabilidad, etc. Cosme Rodríguez Mínguez.
Número de parte o sección de la obra , . I,
Nombre de parte o sección de la obra Parte penal.
260 ## - PUBLICACIÓN, DISTRIBUCIÓN, ETC.
Lugar de publicación, distribución, etc. La Coruña :
Nombre del editor, distribuidor, etc. Moret,
Fecha de publicación, distribución, etc. 1962.
300 ## - DESCRIPCIÓN FÍSICA
Extensión 1 v. ;
Dimensiones 24 cm.
505 8# - NOTA DE CONTENIDO CON FORMATO
Nota de contenido con formato Contiene: Reglamento de armas y explosivos ; Ley y Reglamento de Caza ; Ley de Contrabando y Defraudación : jurisprudencia y comentarios
740 0# - ENTRADA AGREGADA--TÍTULO RELACIONADO/ANALÍTICO NO CONTROLADO
Título relacionado o analítico no controlado Reglamento de Armas y Explosivos.
740 0# - ENTRADA AGREGADA--TÍTULO RELACIONADO/ANALÍTICO NO CONTROLADO
Título relacionado o analítico no controlado Ley y Reglamento de Caza.
740 0# - ENTRADA AGREGADA--TÍTULO RELACIONADO/ANALÍTICO NO CONTROLADO
Título relacionado o analítico no controlado Ley de Contrabando y Defraudación.
852 ## - LOCALIZACIÓN
Ubicación ES-MaACL
Número de control de estantería E-4265
Sublocalización o colección R.51486
Holdings
Estatus retirado Estado de pérdida Estado de daño No para préstamo Colección Biblioteca de origen Biblioteca actual Ubicación en estantería Fecha de adquisición Fuente de adquisición Total de préstamos Signatura topográfica completa Código de barras Visto por última vez Precio de reemplazo Tipo de ítem Koha
        Colección de referencia Biblioteca del Ateneo de Madrid Biblioteca del Ateneo de Madrid Depósito 2 17/01/2008     E-4265 1137252 23/02/2023 23/02/2023 Libro impreso